000 00748nam a22002417a 4500
003 UA-OsUOA
001 46407
007 ta
008 20120220b un ||||| |||| 00| 0 ukr d
100 _aДзюобко Й.
090 _a82-14
_bД43
942 _cBK
040 _aUA-OsUOA
_bukr
_cUA-OsUOA
_dUA-OsUOA
245 _a"Чиє то полечко не зоране?" й інші народні пісні
300 _a126 с.
955 _a4
041 _aukr
080 _a82-14
260 _aВінніпег; Вірден
_c1956
650 7 _a82 Література. Літературознавство
_2UDC
999 _c426507
_d426507